000 00869nam a2200265Ia 4500
003 OSt
005 20221005111204.0
006 a|||||r|||| 00| 0
007 ta
008 221004b |||||||| |||| 00| 0 hin d
020 _c80.75
024 _a104570
037 _b371, 17/02/2011, Vani Prakashan
_cTextual
040 _aCRL
_cCRL
_bhin
041 _2hin
_ahin
082 _aO152,1N387x, P7
100 _aफाज़ली, निदा
245 0 _aखोया हुआ सा कुछ
246 _aKhoyā huā sā kuchha
250 _a4 संस्करण
260 _aनई दिल्ली
_bवाणी प्रकाशन भारत
_c2007
300 _a111पृ0
_ccm.
942 _hO152,1N387x, P7
_cTEXL
_2cc
999 _c1021095
_d1021095